| 000 | 02067cam a2200325 a 4500 | ||
|---|---|---|---|
| 001 | 14661053 | ||
| 003 | OSt | ||
| 005 | 20210414114512.0 | ||
| 008 | 061208s2008 maua b 001 0 eng | ||
| 010 | _a 2006048087 | ||
| 020 | _a9780073529639 (alk. paper) | ||
| 040 |
_aDLC _cDLC _dDLC |
||
| 050 | 0 | 0 | _aRA776.C83 |
| 082 | 0 | 0 |
_a613 _222 |
| 245 | 0 | 0 |
_aCore concepts in health / _c[compiled by] Paul M. Insel, Walton T. Roth. |
| 250 | _a10th ed. update | ||
| 260 |
_aNew york : _bMcGraw Hill, _cc2008. |
||
| 300 |
_axxxii, 717 p. : _bcol. ill. ; _c28 cm. |
||
| 504 | _aIncludes bibliographical references and index. | ||
| 505 | _aContents: Taking charge of your health -- Stress: the constant challenge -- Psychological health -- Intimate relationships and communication -- Sex and your body -- Contraception -- Pregnancy and childbirth -- The use and abuse of psychoactive drugs -- The responsible use of alcohol -- Toward a tobacco-free society -- Nutrition basics -- Exercise for health and fitness Cardiovascular health -- Cancer -- Immunity and infection -- Sexually transmitted diseases -- Aging: a vital process -- Dying and death -- Conventional and complementary medicine: skill for the health care consumer -- Personal safety: protecting yourself from unintentional injuries and violence -- Appendices: A Nutritional content of popular items from fast-food restaurants -- B: A self-care guide for common medical problems. | ||
| 650 | 0 |
_aHealth _vHandbooks, manuals, etc. |
|
| 700 | 1 | _aInsel, Paul M. | |
| 700 | 1 | _aRoth, Walton T. | |
| 856 | 4 | 2 |
_3Contributor biographical information _uhttp://www.loc.gov/catdir/enhancements/fy0804/2006048087-b.html |
| 856 | 4 | 2 |
_3Publisher description _uhttp://www.loc.gov/catdir/enhancements/fy0804/2006048087-d.html |
| 856 | 4 | 1 |
_3Table of contents only _uhttp://www.loc.gov/catdir/enhancements/fy0804/2006048087-t.html |
| 906 |
_a7 _bcbc _corignew _d1 _eocip _f20 _gy-gencatlg |
||
| 942 |
_2lcc _cBK |
||
| 999 |
_c5852 _d13352 |
||